El Ideario nacional de Rodrigo Facio Brenes /
Guardado en:
| Autor principal: | |
|---|---|
| Formato: | Texto |
| Materias: | |
| Etiquetas: |
Agregar Etiqueta
Sin Etiquetas, Sea el primero en etiquetar este registro!
|
MARC
| LEADER | 00000 a a2200000 04500 | ||
|---|---|---|---|
| 001 | 18542 | ||
| 003 | |||
| 040 | |||
| 100 | |a Montenegro Ríos, Carlos Robert | ||
| 245 | |a El Ideario nacional de Rodrigo Facio Brenes / |c Carlos Robert Montenegro Ríos | ||
| 650 | |a IDEOLOGIAS | ||
| 650 | |a IDEOLOGIAS POLITICAS | ||
| 650 | |a ESTADO | ||
| 650 | |a SISTEMAS ECONOMICOS | ||
| 650 | |a MODERNIZACION | ||
| 650 | |a INSTITUCIONES DE ENSEÑANZA SUPERIOR | ||
| 650 | |a PARTIDOS POLITICOS | ||
| 773 | |g número 32; páginas 41-56 | ||
| 999 | |c 30843 |d 30843 | ||
